Hours with the Bible; Vol. 1. (Record no. 3310)

000 -LEADER
fixed length control field 00597nam a2200181 a 4500
001 - CONTROL NUMBER
control field :::00001040$&:&@@
003 - CONTROL NUMBER IDENTIFIER
control field OkBaRHE
005 - DATE AND TIME OF LATEST TRANSACTION
control field 20100331160731.0
008 - FIXED-LENGTH DATA ELEMENTS--GENERAL INFORMATION
fixed length control field s1897 j 000 0 eng u
040 ## - CATALOGING SOURCE
Transcribing agency
100 1# - MAIN ENTRY--PERSONAL NAME
Personal name Geikie, John Cunningham, 1824-1906.
245 10 - TITLE STATEMENT
Title Hours with the Bible; Vol. 1.
260 ## - PUBLICATION, DISTRIBUTION, ETC. (IMPRINT)
Place of publication, distribution, etc New York, NY., :
Name of publisher, distributor, etc James Pott & Co.
Date of publication, distribution, etc 1897
300 ## - PHYSICAL DESCRIPTION
Extent illus. ;
Dimensions 20 cm.
650 ## - SUBJECT ADDED ENTRY--TOPICAL TERM
Topical term or geographic name as entry element Bible Old Testament
General subdivision Criticism, Interpretation, etc.
942 ## - ADDED ENTRY ELEMENTS (KOHA)
Source of classification or shelving scheme
Koha item type Books
Copies
Copy number Full call number Withdrawn status Koha item type Permanent Location Shelving location Price effective from Date acquired Damaged status Not for loan Lost status Barcode Date last seen Source of classification or shelving scheme
1BS 511 .G38 1897 BooksRHEMA Bible Training CollegeGeneral Stacks2010-04-142010-04-14   10402010-04-14